Statistics for Parts of Trees

Click here to take the quiz!

General Stats

  • This quiz has been taken 29 times
  • The average score is 4 of 5

Answer Stats

HintPart% Correct
Grow UndergroundRoots
100%
Shape and support transports nutrients from soilTrunk
92%
Outer layer of the previous answerBark
83%
Provides support and distributes leavesBranches
83%
Leaves and branches at the top of the treeCrown
29%

Score Distribution

Percentile by Number Answered

Percent of People with Each Score

Your Score History

You have not taken this quiz